000 00718nam a2200253Ia 4500
003 OSt
005 20220928115631.0
006 a|||||r|||| 00| 0
007 ta
008 220927b |||||||| |||| 00| 0 eng d
020 _cINR 350.00
024 _a133533
037 _b0276, 08/03/2017, Bookwell Publications
_cTextual
040 _aSDCL
_cSDCL
_beng
041 _2eng
_aeng
082 _aO-,3, P7 LR
100 _aDesai Anita
_9445235
245 0 _aClear light of day
260 _aGurgaon
_bVintage
_c2007
300 _axi,279p.
_ccm.
650 _aReference
942 _hO-,3, P7 LR
_cTEXL
_2CC
999 _c760211
_d760211